Medzinárodnoprávna úprava kontinentálnych šelfov a výlučných ekonomických zón bakalárska práca

Salvato in:
Dettagli Bibliografici
Autore principale: Krupčiaková, Naďa
Ente Autore: Fakulta medzinárodných vzťahov EU. Katedra medzinárodného práva
Altri autori: Hraníková Pyteľová, Klaudia, 1985-
Natura: Libro
Lingua:slovacco
Pubblicazione: Bratislava 2022
Tags: Aggiungi Tag
Nessun Tag, puoi essere il primo ad aggiungerne!!

MARC

LEADER 00000nbm a2200000 4500
001 0285269
005 20230426092540.1
041 0 |a slo 
044 |a SK 
245 1 0 |a Medzinárodnoprávna úprava kontinentálnych šelfov a výlučných ekonomických zón  |b bakalárska práca  |c Naďa Krupčiaková ; školiteľ: Klaudia Hraníková Pyteľová 
264 1 |a Bratislava  |c 2022 
300 |a 47 s. 
100 1 |a Krupčiaková, Naďa 
700 1 |a Hraníková Pyteľová, Klaudia, 1985- 
710 2 |a Fakulta medzinárodných vzťahov EU. Katedra medzinárodného práva